[Event "SUI-chT"]
[Site "Switzerland"]
[Date "2023.05.13"]
[Round "3.1"]
[White "Brunello, Sabino"]
[Black "Ragger, Markus"]
[Result "1/2-1/2"]
[WhiteElo "2510"]
[BlackElo "2634"]
[PlyCount "60"]
[EventDate "2023.04.16"]
[EventType "team-tourn"]
[EventRounds "9"]
[EventCountry "SUI"]
[SourceTitle "EXT 2024"]
[Source "ChessBase"]
[SourceDate "2023.10.10"]
[SourceVersion "1"]
[SourceVersionDate "2023.10.10"]
[SourceQuality "1"]
[WhiteTeam "Mendrisio"]
[BlackTeam "Riehen"]
[WhiteTeamCountry "SUI"]
[BlackTeamCountry "SUI"]

1. d4 Nf6 2. c4 g6 3. Nc3 d5 4. cxd5 Nxd5 5. e4 Nxc3 6. bxc3 Bg7 7. Be3 c5 8. Qd2 Qa5 9. Nf3 Nc6 10. Rb1 a6 11. Rc1 cxd4 12. cxd4 Qxd2+ 13. Kxd2 e6 14. Bd3 0-0 15. Rc5 Rd8 16. Rb1 Nxd4 17. Nxd4 Bxd4 18. Bxd4 Rxd4 19. Ke3 Rd7 20. Rbc1 Rd8 21. Rc7 Bd7 22. Rxb7 Bb5 23. Bxb5 axb5 24. Rc2 Ra5 25. Kf4 Rda8 26. Rb2 Rxa2 27. R7xb5 Kg7 28. h4 h5 29. f3 Rxb2 30. Rxb2 Ra1 1/2-1/2

[Event "GER CupT"]
[Site "Baden-Baden"]
[Date "2023.05.07"]
[Round "2.2"]
[White "Bluebaum, Matthias"]
[Black "Ragger, Markus"]
[Result "1/2-1/2"]
[WhiteElo "2669"]
[BlackElo "2626"]
[PlyCount "40"]
[EventDate "2023.05.06"]
[EventType "team-k.o."]
[EventRounds "2"]
[EventCountry "GER"]
[SourceTitle "CBM 214 Extra"]
[Source "ChessBase"]
[SourceDate "2023.07.31"]
[SourceVersion "1"]
[SourceVersionDate "2023.07.31"]
[SourceQuality "1"]
[WhiteTeam "Deizisau"]
[BlackTeam "Solingen"]
[WhiteTeamCountry "GER"]
[BlackTeamCountry "GER"]

1. Nf3 Nf6 2. c4 c5 3. Nc3 d5 4. cxd5 Nxd5 5. e3 e6 6. Qc2 Be7 7. b3 Nxc3 8. dxc3 Qc7 9. Bd3 h6 10. Bb2 Nd7 11. Rd1 b6 12. Be4 Bb7 13. c4 Bf6 14. 0-0 Ke7 15. Bxb7 Qxb7 16. e4 Qc7 17. Qe2 Bxb2 18. Qxb2 f6 19. Nh4 Rhd8 20. f4 Nf8 1/2-1/2

[Event "SUI-chT"]
[Site "Switzerland"]
[Date "2023.04.30"]
[Round "2.2"]
[White "Ragger, Markus"]
[Black "Hochstrasser, Michael"]
[Result "1-0"]
[WhiteElo "2634"]
[BlackElo "2335"]
[PlyCount "63"]
[EventDate "2023.04.16"]
[EventType "team-tourn"]
[EventRounds "9"]
[EventCountry "SUI"]
[SourceTitle "EXT 2024"]
[Source "ChessBase"]
[SourceDate "2023.10.10"]
[SourceVersion "1"]
[SourceVersionDate "2023.10.10"]
[SourceQuality "1"]
[WhiteTeam "Riehen"]
[BlackTeam "Wollishofen"]
[WhiteTeamCountry "SUI"]
[BlackTeamCountry "SUI"]

1. e4 e5 2. Nf3 Nc6 3. Bb5 Nf6 4. d3 Bc5 5. c3 0-0 6. 0-0 d6 7. h3 Ne7 8. d4 Bb6 9. Re1 Ng6 10. a4 a6 11. Bd3 d5 12. a5 Ba7 13. Nxe5 Nxe5 14. dxe5 Nxe4 15. Be3 Bxe3 16. Rxe3 Qg5 17. Nd2 Qxe5 18. Nxe4 dxe4 19. Bxe4 Qb5 20. Qd5 c6 21. Qd4 Be6 22. Rg3 g6 23. Qf6 Rfe8 24. b4 Bb3 25. Re3 Qe5 26. Qf3 Qc7 27. Rae1 Re7 28. h4 Rae8 29. h5 Re5 30. Qg3 Qd6 31. Bc2 Rxe3 32. Rxe3 1-0